| 000 | 00618 a2200169 4500 | ||
|---|---|---|---|
| 020 | _a0028252160 | ||
| 040 |
_aDLC _bDLC |
||
| 245 | 0 | 0 |
_aMathematics: applications and connections (Course 1) _cWilliam Collins ... [et. al.] |
| 246 | 3 | 0 | _aMathematics, applications and connections |
| 260 |
_aNew York, N.Y. : _bGlencoe, McGraw-Hill, _cc1998. |
||
| 300 |
_a624 p. : _bcol. ill. ; _c26 cm. + _eTeacher's wraparound edition (1 v. : ill. ; 29 cm.) |
||
| 500 | _aGrade 6. | ||
| 650 | 0 |
_aMathematics _xStudy and teaching (Elementary) |
|
| 700 | 1 | _aCollins, William. | |
| 710 | 2 | _aGlencoe/McGraw-Hill. | |
| 942 |
_cBK _k510 AGR _2ddc |
||
| 999 |
_c7507 _d7507 |
||